Score 0/10 Timer 07:00
0 Plays Today
Can you name the animal? Animal % Correct
Flee creature, common house hold petDog
97.9%
Rideable aminal, found on farmsHorse
95.9%
GillsFish
94.8%
Long legs, pinkFlamingo
90.7%
Fur, house hold petCat
90.7%
Two legs, two arms, pouchKangaroo
88.7%
FlysBird
86.6%
Long bodySnake
85.6%
Big, big nose, big feetElephant
82.5%
Long legs, birdOstritch
16.5%
Remove Ads.
Support Sporcle.
Get the best of Sporcle when you Go Orange. This ad-free experience offers more features, more stats, and more fun while also helping to support Sporcle. Thank you for becoming a member.

You're not logged in!

Compare scores with friends on all Sporcle quizzes.
OR
Log In

Show Comments

Extras

Created Nov 27, 2010ReportNominate
Tags:Animal Quiz

Top Quizzes Today


Score Distribution

Your Account Isn't Verified!

In order to create a playlist on Sporcle, you need to verify the email address you used during registration. Go to your Sporcle Settings to finish the process.

Report this User

Report this user for behavior that violates our Community Guidelines.

Details: